Statistics for Jane the Virgin Characters

Click here to take the quiz!

General Stats

  • This quiz has been taken 945 times
    (705 since last reset)
  • The average score is 15 of 32

Answer Stats

HintAnswer% Correct
Virgin, accidentally artificially inseminatedJane Gloriana Villanueva
100%
Rich former playboy, father of virgin's childRafael Solano
96%
Detective, met virgin at her 21st birthdayMichael Cordero
95%
Scheming wife, has secret identityPetra Solano
95%
Mother of virgin, singerXiomara Gloriana Villanueva
94%
Child conceived by virginMateo Gloriano Rogelio Solano Villanueva
92%
Estranged father of virgin, telenovela starRogelio de la Vega
91%
Former lawyer, lover and step-mother of doctorRose/Sin Rostro
89%
Devout abuela of virginAlba Gloriana Villanueva
85%
Addict, doctor and responsible for inseminationDr. Luisa Alver
84%
Confined to wheelchair, schemes with daughterMagda
61%
Best friend of virginLina
54%
Ex-boyfriend of NataliaMilos
45%
Impaled 'twice'Roman Zazo
44%
Hotel owner, covered in cementEmilio Solano
42%
Telenovela star, rival of virgin's fatherEsteban Santiago
42%
Assistant of hotel ownerScott
39%
Female detectiveDetective Nadine Hansan
33%
Twin brother of above, a 'Jane'Aaron Zazo
28%
Blackmailer and later hostage of NataliaIvan Rogachevsky
23%
Took $10 million to never see her sonElena Di Nola
22%
Step-daughters of telenovela starValeria and Victoria
22%
Head writer of the Passions of SantosDina Milagro
20%
Rival of virgin's baby daddyLachlan Moore
18%
Crooked brother of male detectiveBilly Cordero
13%
'Glam-ma' of virginLiliana De La Vega
13%
Footballer, goes on double dateMarco Esquivel
13%
Member of writer's workshop, ex of detectiveAndie
9%
Works at the hotel, another friend of virginFrankie
9%
'Rehab guy,' also a priestEdward
5%
Distributes coins with virgin's face onSister Margaret
4%
Agent of telenovela star, and ex-wifeMellisa
1%

Score Distribution

Percentile by Number Answered

Percent of People with Each Score

Your Score History

You have not taken this quiz since the last reset